Functional equations and modelling in science and engineering
Αποθηκεύτηκε σε:
| Κύριος συγγραφέας: | |
|---|---|
| Άλλοι συγγραφείς: | |
| Μορφή: | Βιβλίο |
| Γλώσσα: | English |
| Δημοσίευση: |
New York :
Marcel Dekker,
c1992
|
| Σειρά: | Monographs and textbooks in pure and applied mathematics ;
; 161 |
| Θέματα: | |
| Ετικέτες: |
Προσθήκη ετικέτας
Δεν υπάρχουν, Καταχωρήστε ετικέτα πρώτοι!
|
MARC
| LEADER | 00000nam a2200000 i 4500 | ||
|---|---|---|---|
| 001 | 1/53576 | ||
| 008 | 941103s1992 eng d | ||
| 020 | |a 0-8247-8717-X | ||
| 035 | |a 1993 |l 10044744 | ||
| 040 | |a GR-MY-UA |b gre |e aacr | ||
| 041 | 0 | |a eng | |
| 082 | 0 | |a 515.7 | |
| 100 | 1 | |a Castillo, Enrique |d 1946- | |
| 245 | 1 | 0 | |a Functional equations and modelling in science and engineering / |c Enrique Castillo. Maria Reyes Ruiz-Cobo |
| 260 | |a New York : |b Marcel Dekker, |c c1992 | ||
| 300 | |a 328 p.; |c 23 cm. | ||
| 490 | 1 | |a Pure and Applied Mathematics: A series of monographs and textbooks |v ; 161 | |
| 500 | |a Includes bibliographical references and index | ||
| 650 | 0 | 0 | |a Functional equations. |
| 650 | 0 | 0 | |a Mathematical models. |
| 700 | 1 | |a Ruiz-Cobo, Maria Reyes |d 1966- | |
| 830 | 0 | |a Monographs and textbooks in pure and applied mathematics ; |v ; 161 | |
| 852 | |a INST |b SAMOS |e 19941103 |h 515.7 CAS |p 005300007643 |q 005300007643 |t BK |y 0 | ||
| 909 | |a Σ |b 030238 | ||